| 000 | 00925cam a22002891 4500 | ||
|---|---|---|---|
| 001 | gs 06000397 | ||
| 003 | DLC | ||
| 005 | 20260227111303.0 | ||
| 008 | 870420s1906 dcu f000 0 eng c | ||
| 010 | _ags 06000397 | ||
| 035 | _a(OCoLC)15554806 | ||
| 040 |
_aU. S. Geol. Survey. Library _cCU _dDLC |
||
| 042 | _apremarc | ||
| 043 | _an-us--- | ||
| 050 | 0 | 0 |
_aQE75 _b.B9 |
| 082 | _a557.3 | ||
| 100 | 1 |
_aGannett, Henry, _d1846-1914. |
|
| 245 | 1 | 2 |
_aA dictionary of altitudes in the United States. _ccomp. by Henry Gannett. |
| 250 | _a(4th ed.) | ||
| 260 |
_aWashington, _bGovt. print. off., _c1906. |
||
| 300 |
_a1072, ii p. _c24 cm. |
||
| 490 | 1 |
_aU. S. Geological survey. Bulletin _vno. 274 |
|
| 500 | _aSubject series: F, Geography, 47. | ||
| 500 | _aIssued also as House doc. no. 207, 59th Cong., 1st sess. | ||
| 651 | 0 |
_aUnited States _xAltitudes. |
|
| 830 | 0 |
_aU. S. Geological survey bulletin ; _vno. 274. |
|
| 999 |
_c24424 _d24424 |
||